|
|
|
|
| LEADER |
00000ckm a2200000 a 4500 |
| 001 |
vtls001201951 |
| 003 |
SK-MaSNL |
| 005 |
20260331203101.0 |
| 007 |
kf co |
| 008 |
180703s1988 xo g 0kuslo |
| 015 |
|
|
|a SNBG1988
|
| 035 |
|
|
|a SNK000145021
|
| 040 |
|
|
|a SNK
|b slo
|c SNK
|e AACR2
|
| 041 |
0 |
|
|a slo
|
| 043 |
|
|
|a e-xo---
|
| 044 |
|
|
|a xo
|c SK
|
| 072 |
|
7 |
|a 913
|x Regionálna geografia
|2 konspekt
|
| 080 |
|
|
|a 913(437.6)
|2 2011
|
| 080 |
|
|
|a 725.1:615.838
|2 2011
|
| 080 |
|
|
|a 712.253
|2 2011
|
| 080 |
|
|
|a 711.455:615.838
|2 2011
|
| 080 |
|
|
|a (084.121)
|2 2011
|
| 100 |
1 |
|
|a Slivka, Dušan,
|d 1944-
|4 pht
|9 249825
|
| 245 |
1 |
0 |
|a Dudince
|h grafika
|b Liečebný ústav Rubín
|c foto: D. Slivka ; výtvarný návrh: M. Menclová
|
| 260 |
|
|
|a Bratislava
|b ČSTK-Pressfoto
|c 1988
|e Skalica
|f Grafobal
|
| 300 |
|
|
|a 1 pohľadnica
|b farebná
|c 11 x 15 cm
|
| 520 |
8 |
|
|a Zobrazenie: Pohľad na liečebný dom Rubín. V popredí je trávnatá plocha, jej stredom vedie vodorovne chodník. Vľavo aj vpravo sú ihličnaté stromy. Na chodníku vidno dve osoby
|
| 650 |
0 |
7 |
|a kúpele
|2 SNKPH
|9 1139
|
| 650 |
0 |
7 |
|a kúpeľné budovy
|2 SNKPH
|9 102104
|
| 650 |
0 |
7 |
|a parky
|2 SNKPH
|9 2942
|
| 651 |
|
7 |
|a Dudince (Slovensko)
|2 SNKPHgeo
|9 28951
|
| 655 |
|
7 |
|a miestne pohľadnice
|2 SNKPH
|9 70510
|
| 700 |
1 |
|
|a Menclová, Milica
|c (grafička)
|4 art
|9 283289
|
| 958 |
|
|
|a GBN
|
| 958 |
|
|
|a GC
|
| 958 |
|
|
|a OND
|
| 999 |
|
|
|c 611925
|d 613855
|
| 952 |
|
|
|a SNK
|b SNK
|y PREZ
|7 0
|p 17A1281848
|o snkSP 139739
|i snk2367/88
|0 0
|1 0
|4 0
|d 2021-06-15
|f 1
|l 0
|r 2026-02-23 16:26:40
|w 2026-02-23
|
| 952 |
|
|
|a SNK
|b SNK
|y PREZ
|7 0
|p 17A1284220
|o snkSP 139739 D1
|i snk2368/88
|0 0
|1 0
|4 0
|d 2021-06-15
|l 0
|r 2026-02-23 16:26:40
|w 2026-02-23
|